000
00348nam a2200145Ia 4500
008
231019s9999 xx 000 0 und d
020
_a
978-1-84480-703-1
082
_a
658.1511
_b
DRU-M
100
_a
Colin Drury
245
0
_a
Management & Cost Accounting
260
_a
UK
_b
Thomson
_c
2012
300
_a
1280
650
_a
Accounting
999
_c
34510
_d
34510